Quizzes
Events
Quiz Creation
Community
Videos
Private Events
Remove Ads
Sign In
Join for FREE
Feedback
Dark Mode
Quiz Categories
Sports
Geography
Music
Movies
Television
Just For Fun
Miscellaneous
History
Literature
Language
Science
Gaming
Entertainment
Religion
Holiday
For Kids
Quiz Lab
Recent
Popular Today
Quiz Kudos Today
Editor Picks
Curator Picks
Quizzes by...
Day
Popularity
Type
Ratings
Length
Year
Community
Subscriptions
Recent Discussions
Orange Saloon
Badges
Playlists
Quests
Create
Leaderboards
Showdown
Live 5
Trivia Bingo
Activity
Puzzle Library
Sporcle Events
Private Events
Virtual Trivia
Globe League
Become a Host
Pub Owners
SporcleCon
Opinionation
Our Games
Videos
Blog
Mobile Apps
Partnerships
Remove Ads and Go Orange
Feedback
Television
TV Characters
TV Show
Sitcom
Network
Friends
Reality Shows
Cast
South Park
Star Trek
The Simpsons
Doctor Who
Television
TV Characters
TV Show
Sitcom
Network
Friends
Reality Shows
Cast
South Park
Star Trek
The Simpsons
Doctor Who
Random Quiz
Search Sporcle
×
Quiz Lab
Quiz Lab
Television
Type in answers that appear in a list
Type in answers that appear in a list
Classic
Best Score? Go Orange.
Clannad Quotes (original series) Stats
Can you name the Clannad Quotes?
By
mooglemascot
8m
20 Questions
543 Plays
543 Plays
543 Plays
Comments
Comments
Give Quiz Kudos
Give Quiz Kudos
-
- Ratings
hide this ad
Forced Order
Answers have to be entered in order
Answers have to be entered in order
Replay
Link that replays current quiz
Next Quiz
Link to next quiz in quiz playlist
You Got
0%
They Got
Avg Score
50%
Avg Friend Score
Upgrade to see
Score Distribution
Jump to the score distribution portion of the page
Score
0/20
Timer
08:00
2
Plays Today
Quote
Who said it?
% Correct
Congratulations onee-
chan! Please be happy always...! Please always be happy, forever!
Fuko
76.4%
I'm baking bread. Love will begin for all of the Dango.
Nagisa
72.2%
We didn't give up on our dreams! We changed our dreams into your dream! That's what parents do! That's what family does!
Akio
68.3%
And her deadly weapon is the violin. Takes aim and fires in .2 seconds. She's a very quick draw. There have been countless victims to date.
Tomoya
66.5%
That sounds wonderful. May I call you Galactic-
san?
Sanae
62.2%
WHAT?! That is too shocking! Okazaki, are you really an actual girl?!
Fuko
60.6%
Father. Mother. I'm sorry I was such an idiot. I'll live to my fullest with the Okazaki cyborg.
Sunohara
60.6%
Take my food or else.
Kyou
58.2%
How about bonjour?
Kotomi
56.5%
I'll be a good girl!
Kotomi
56.4%
Quote
Who said it?
% Correct
...so I kept waiting for him. You're Tomoya-
kun.
Kotomi
52.7%
Why are you contradicting my efforts, you saboteur?!
Tomoya
48.6%
Well, hello Tomoya-
kun. How are you today?
Kotomi
48.6%
Are you a gymnast from Russia or something?
Tomoya
44.2%
I brought my home cooking for you to eat too! Leave it to me! My food will make everything better Okazaki!
Fuko
40.7%
Oh, I see. It's so nice of you to consider his feelings like that.
Nagisa
34.1%
I am horrible
Fuko
29.1%
Time and titles do not matter in the bonds between people.
Tomoyo
26.9%
The aroma of baking bread makes the mental state of a person unhealthy.
Kyou
26.5%
The world is beautiful. Even if you're full of tears and sadness, open your eyes. Do what you want to do. Be what you want to be. Find friends. Don't be in a hurry to grow up. Take
Kotomi's parents
16.9%
Quiz Playlist
Details
Report
Send in Message
Add To Playlist
Classic:
Type in answers that appear in a list
Forced Order:
Answers have to be entered in order
Last Updated: Feb 16, 2017
Quiz Scoreboard
CHALLENGE
Sign Up to Join the Scoreboard
Show All
Scores
Hide
Comments
May contain spoilers
Recently Published
College Basketball Coaching Resumes
by pancakes188
Sports
9m
Billboard Blitz: Fleetwood Mac
by CooCooCachoo
Music
15s
Presidents Visiting Landmarks
by Hejman
History
7m
More to Explore
Quiz From the Vault
Featured Blog Post
Where Did the Easter Bunny Come From?
hide this ad
You Might Also Like...
Tags
This quiz does not have any tags.
Today's Top Quizzes in Television
Browse Television
hide this ad
Top Contributed Quizzes in Television
1
5-to-1: The Simpsons Families
2
5-to-1: Television Doctors
3
7-to-1: TV Show Settings
4
5-to-1: Streaming Originals
5
One Piece Logic Puzzle
6
Survivor Seasons
7
Survivor Logic Puzzle: Heroes vs. Villains
8
All US Survivor Seasons in Order
9
TV Shows by First Names
10
Survivor Season by Logo
Explore More
Trending Topics
Anime
Harry Potter
Marvel
NBA
Crossword
Disney
Kpop
Song
Pokémon
WWE
Soccer
NFL
Country
The Office
Puzzle
hide this ad
More By:
mooglemascot
Quiz
Plays
Rating
Category
Featured
Created
'Tangled' Healing Incantation
35,599
4.52
Movies
May 11, 2011
Ouran Theme Sakura Kiss Lyrics
1,353
2.67
Music
Sep 28, 2011
Vampire Academy Quotes
1,292
4.25
Miscellaneous
May 11, 2011
Eye Colors
883
2.80
Miscellaneous
May 17, 2011
Final Fantasy XIII Name Chain
864
3.67
Gaming
Jun 22, 2011
Go to Creator's Profile
Score Distribution
Quiz Creator Spotlight
mooglemascot
Follow
Send a Message
Quizzes Created
-
Created Quiz Play Count
-
More By This Creator
Popular Quizzes Today
1
Find the US States - No Outlines Minefield
2
Find the Countries of Europe - No Outlines Minefield
3
The Countries of the World
4
Find the US States
5
Risky Map Clicking: Biggest States A-Z
6
US States
7
Popular People in 1961
8
Movies - When Are They Set?
More Television Quizzes
Same TV Show: Different Character
Published
Trending Quizzes
Risky Map Clicking: Least Populous States A-Z
1-10 Letter G Words
1-10 Letter F Words
Risky Map Clicking: Next State Alphabetically
Risky Map Clicking: Biggest States A-Z
Recently Updated
Leaping Animals
pecheneg
Reality TV Shows (A-Z)
bhenderson79
Rickey Henderson's Hall of Fame Teammates
pecheneg
Champions League XIs: Arsenal
pecheneg
Quick Pick: Celebrities in WWE's Hall of Fame
aduchscher
A-Z Keypad Blitz II
pecheneg
Multiple Oscar Actors
pecheneg
Mystery Phrase Blitz: Oscar 'Best Actors'
pecheneg
F. Scott Fitzgerald Novels
LTH
Pick 3 Villains
ddd62291
Trending Topics
NBA
Crossword
Anime
Harry Potter
Kpop
Disney
Marvel
Country
The Office
WWE
Pokémon
NFL
Soccer
Song
Puzzle
Your Account Isn't Verified!
In order to create a playlist on Sporcle, you need to verify the email address you used during registration. Go to your
Sporcle Settings
to finish the process.
Report this User
Report this user for behavior that violates our
Community Guidelines
.
Details:
Send Report
Go to the Sporcle.com Mobile Site →
Comments